| 000 | 00372cam a2200145ua 4500 | ||
|---|---|---|---|
| 041 |
_aeng _h |
||
| 082 |
_a828.09 _bNIC/DE |
||
| 100 | _aNicolson, Hardel . | ||
| 245 |
_aDevelopment of English biography / _cHardel Nicholson. _hTextual Documents |
||
| 260 |
_aLondon : _bHogarth Press , _c1959. |
||
| 300 | _a159 ; . | ||
| 504 | _a | ||
| 942 | _cBK | ||
| 999 |
_c12867 _d12867 |
||